Viet Nam — a Transition Tiger? (Record no. 351411)
[ view plain ]
| 000 -LEADER | |
|---|---|
| fixed length control field | 00494nam a2200133Ia 4500 |
| 008 - FIXED-LENGTH DATA ELEMENTS--GENERAL INFORMATION | |
| fixed length control field | 171212s9999 xx 000 0 und d |
| 020 ## - INTERNATIONAL STANDARD BOOK NUMBER | |
| International Standard Book Number | 9780731537501 |
| 100 ## - MAIN ENTRY--PERSONAL NAME | |
| Personal name | Arkadie, Brian Van;Mallon, Raymond |
| 245 ## - TITLE STATEMENT | |
| Statement of responsibility, etc | Arkadie, Brian Van;Mallon, Raymond |
| Title | Viet Nam — a Transition Tiger? |
| 260 ## - PUBLICATION, DISTRIBUTION, ETC. (IMPRINT) | |
| Name of publisher, distributor, etc | ANU E Press |
| Date of publication, distribution, etc | 2004 |
| 650 ## - SUBJECT ADDED ENTRY--TOPICAL TERM | |
| Topical term or geographic name as entry element | Political Science |
| 650 ## - SUBJECT ADDED ENTRY--TOPICAL TERM | |
| Topical term or geographic name as entry element | Vietnam -- Economic conditions -- 1975-; Vietnam -- Economic policy -- 1975- |
| 856 ## - ELECTRONIC LOCATION AND ACCESS | |
| Uniform Resource Identifier | <a href="www.jstor.org/stable/10.2307/j.ctt2jbjk6">www.jstor.org/stable/10.2307/j.ctt2jbjk6</a> |
| Withdrawn status | Lost status | Damaged status | Home library | Current library | Date acquired | Total Checkouts | Date last seen | Price effective from | Koha item type |
|---|---|---|---|---|---|---|---|---|---|
| College Library | College Library | 12/12/2017 | 12/12/2017 | 12/12/2017 | Curriculum - Based eBooks |